| 000 | 00451nam a2200121Ia 4500 | ||
|---|---|---|---|
| 008 | 171212s9999 xx 000 0 und d | ||
| 020 | _a9780865592698 | ||
| 100 | _aGroom, Gloria;Shaw, Jill | ||
| 245 |
_cGroom, Gloria;Shaw, Jill _aThe Beach at Sainte-Adresse from Monet Paintings and Drawings at the Art Institute of Chicago |
||
| 260 |
_bArt Institute of Chicago _c2014 |
||
| 650 | _aArt & Art History | ||
| 856 | _uhttp://jstor.org/stable/j.ctt1vjqpmr | ||
| 999 |
_c351428 _d351428 |
||